| 000 | 00681nam a22002292 4500 | ||
|---|---|---|---|
| 001 | 18712 | ||
| 003 | BD-RjUL | ||
| 005 | 20211209000325.0 | ||
| 008 | 140222s1945 enkaf 000 0 eng d | ||
| 035 | _a(BD-RjUL)18770 | ||
| 040 |
_aEMU _cEMU _dUKM _dBD-RjUL _beng |
||
| 041 | _aeng | ||
| 082 | 0 | 4 |
_a822.91 _218 _bDRI 1945 |
| 090 |
_aPR6043.A48 _bI13 1954 |
||
| 100 | 1 |
_aVan Druten, John, _d1901-1957. _957655 |
|
| 245 | 1 | 0 |
_aI am a camera : _ba play in two acts / _cby John Van Druten. |
| 260 |
_aLondon : _bEvans Brothers, _c1945. |
||
| 300 |
_a177 p. : _bill. ; _c22 cm. |
||
| 490 | 0 | _aEvans plays | |
| 500 | _aAdapted from the stories by Christopher Isherwood. | ||
| 942 |
_2ddc _cBK |
||
| 999 |
_c18712 _d18712 |
||